A dictionary of the environment : apractical guide to today's most important environmental issues
| Main Author: | |
|---|---|
| Format: | Book |
| Published: |
London :
Paladin ,
1990
|
| Subjects: |
MARC
| LEADER | 00000cam a2200000 7i4500 | ||
|---|---|---|---|
| 001 | 0000002131 | ||
| 002 | 000002327 | ||
| 005 | 20080312.0 | ||
| 020 | |a 0586085432 | ||
| 090 | 0 | 0 | |a 363.703 |b ELS |
| 100 | 1 | |a Elsworth, Steve | |
| 245 | 1 | 0 | |a A dictionary of the environment : |b apractical guide to today's most important environmental issues |c Steve Elsworth |
| 260 | |a London : |b Paladin , |c 1990 | ||
| 300 | |a 516p | ||
| 650 | 0 | 0 | |a Environment |x Dictionaries |
| 999 | |a 028233 |b BUKU |c RUJUKAN |e PERPUSTAKAAN KOMUNITI PETALING JAYA | ||